00761nam a2200181 a 450000100100000000500170001000800410002704000250006808200140009310000350010724500930014224600330023526000960026830000190036404900090038395201700039299900170056200003229220200930063607.0110714s1946 dr 000 0 spa d aDO-SdBNPbspacBNPHU axxxbM8431 aMoreno Jimenes, Domingo93195010aFrancisco Domínguez Charro, o, La inestabilidad de la forma /cDomingo Moreno Jimenes.13aLa inestabilidad de la forma aSan Pedro de Macorís, República Dominicana :bTipografía Corazón de Jesús,c1946. a7 p. ;c14 cm. aBNPD 001050718RVaPDbPDcCTd2011-07-14iLF1l0oxxx M843p32292-10r2020-06-25w2020-06-25y1zPerteneció a la biblioteca personal de Martínez BoogZNo se presta c31783d31783